00343nam a2200121Ia 4500008004000000020001800040082001600058100002400074245004100098260005700139300001300196650001200209210210b1985 xxu||||| |||| 00| 0 eng d a0 914826 69 7 a616.01 LENM aLENNETTE (Edwin H). aManual of clinical microbiology. Ed. aWashington.bAmerican society for microbiologyc1985 axvi,1149 aMedical